Shapes of Countries on the Black Sea - Statistics

General Stats
  • This quiz has been taken 16 times
  • The average score is 6 of 6
Answer Stats
Picture Answer % Correct
Russia
100%
Turkey
100%
Ukraine
100%
Bulgaria
93%
Georgia
87%
Romania
87%
No matching quizzes found
Score Distribution
Percent of People with Each Score
Percentile by Number Answered
Your Score History
You have not taken this quiz